Anne of Green Gables (Record no. 8510)
[ view plain ]
| 000 -LEADER | |
|---|---|
| fixed length control field | 00948nam a22002177a 4500 |
| 003 - CONTROL NUMBER IDENTIFIER | |
| control field | OSt |
| 005 - DATE AND TIME OF LATEST TRANSACTION | |
| control field | 20260310234039.0 |
| 008 - FIXED-LENGTH DATA ELEMENTS--GENERAL INFORMATION | |
| fixed length control field | 260224b |||||||| |||| 00| 0 eng d |
| 040 ## - CATALOGING SOURCE | |
| Original cataloging agency | DWCL GS lib |
| Transcribing agency | OC |
| 082 ## - DEWEY DECIMAL CLASSIFICATION NUMBER | |
| Classification number | Fic. M767f 2001 |
| 100 ## - MAIN ENTRY--PERSONAL NAME | |
| Personal name | Montgomery L.M. |
| 245 ## - TITLE STATEMENT | |
| Title | Anne of Green Gables |
| Statement of responsibility, etc. | L.M. Montgomery |
| 260 ## - PUBLICATION, DISTRIBUTION, ETC. | |
| Place of publication, distribution, etc. | New York |
| Name of publisher, distributor, etc. | Kidsbooks, Inc. |
| Date of publication, distribution, etc. | c2001. |
| 300 ## - PHYSICAL DESCRIPTION | |
| Extent | vii, 188 pages |
| Other physical details | illustrations ; |
| Dimensions | 25cm. |
| 520 ## - SUMMARY, ETC. | |
| Summary, etc. | Anne of Green Gables (1908) is a beloved classic children's novel by Canadian author Lucy Maud Montgomery. It follows 11-year-old orphan Anne Shirley, mistakenly sent to live with elderly siblings Matthew and Marilla Cuthbert on Prince Edward Island. Anne’s vibrant imagination, talkative nature, and fiery spirit transform their lives and the rural town of Avonlea. |
| 546 ## - LANGUAGE NOTE | |
| Language note | English |
| 650 ## - SUBJECT ADDED ENTRY--TOPICAL TERM | |
| Topical term or geographic name entry element | Fiction |
| 650 ## - SUBJECT ADDED ENTRY--TOPICAL TERM | |
| Topical term or geographic name entry element | Historical fiction |
| 700 ## - ADDED ENTRY--PERSONAL NAME | |
| Personal name | L.M. Montgomery |
| 942 ## - ADDED ENTRY ELEMENTS (KOHA) | |
| Source of classification or shelving scheme | Dewey Decimal Classification |
| Koha item type | Fiction |
| Classification part | Fic. |
| Suppress in OPAC | No |
| 952 ## - LOCATION AND ITEM INFORMATION (KOHA) | |
| -- | |
| Withdrawn status | Lost status | Source of classification or shelving scheme | Damaged status | Not for loan | Home library | Current library | Shelving location | Date acquired | Source of acquisition | Total Checkouts | Full call number | Barcode | Date last seen | Copy number | Price effective from | Koha item type | Uniform Resource Identifier |
|---|---|---|---|---|---|---|---|---|---|---|---|---|---|---|---|---|---|
| Dewey Decimal Classification | College Library | Grade School Library | Fiction | 03/11/2026 | School Fund, Donation | Fic. M867a 1998 | 9921 | 03/10/2026 | c1 | 03/10/2026 | FIC. |